| 000 | 00652nam a2200217Ia 4500 | ||
|---|---|---|---|
| 005 | 20230512101302.0 | ||
| 008 | 131103s9999 xx 000 0 und d | ||
| 040 | _aLoreto College | ||
| 041 | _aEnglish | ||
| 082 |
_a823.91 _bJAM-STA |
||
| 245 |
_aPerspectives on James 's the portrait of a lady _cEdited by William T Stafford |
||
| 260 |
_aNew york _bNew York University Press _c1967 |
||
| 300 | _axxiii,303p. | ||
| 504 | _aIncludes bibliographical references | ||
| 630 | _aEnglish fiction | ||
| 650 | _aMiller, James Daisy - criticism | ||
| 651 | _aEnglish essays | ||
| 700 | _aStafford, William T ; ed. | ||
| 850 | _aLCLIB | ||
| 942 | _cBK | ||
| 999 |
_c22457 _d72936 |
||